Guess The Artist By Letter (C) - Statistics

General Stats
  • This quiz has been taken 111 times
  • The average score is 7 of 18
Answer Stats
Hint Answer % Correct
Viva La Vida Coldplay
90%
Gangster's Paradise Coolio
78%
Zombie The Cranberries
73%
Fortunate Son Creedence Clearwater Revival
63%
If I Could Turn Back Time Cher
59%
This is America Childish Gambino
46%
White Room Cream
40%
26 or 5 to 4 Chicago
37%
The Devil Went Down to Georgia The Charlies Daniels Band
33%
Just What I Needed The Cars
31%
One Call Away Charlie Puth
27%
Word Up! Cameo
24%
Ain't No Rest For The Wicked Cage The Elephant
20%
Easy The Commodores
19%
Convoy C. W. McCall
15%
Going Up The Country Canned Heat
13%
Then He Kissed Me The Crystals
10%
Mr. Sandman The Chordettes
6%
No matching quizzes found
Score Distribution
Percent of People with Each Score
Percentile by Number Answered
Your Score History
You have not taken this quiz